| 000 | 00835nam a2200265Ii 4500 | ||
|---|---|---|---|
| 003 | JO-AjNU | ||
| 005 | 20240110133304.0 | ||
| 008 | 230605s9999||||xx |||||||||||||| ||und|| | ||
| 017 | _a1998/9428 | ||
| 020 | _a977-5040-87-6 | ||
| 040 |
_aJO-AjNU _bara _erda _cJO-AjNU |
||
| 041 | _aara | ||
| 050 | 1 | 4 | _aHD37.A7.E412.1998 |
| 100 | 3 |
_aبيتواميزون؛ ترجمة نهاد كمال, _eauthor _938152 |
|
| 245 | 0 | 0 | _aكيف تدير سجلاتك؟ |
| 250 | _aط1 | ||
| 264 | 3 | 1 | _aالقاهرة:العربي للنشر والتوزيع ،1998 |
| 300 | _a113ص | ||
| 336 |
_atext _btxt _2rdacontent |
||
| 337 |
_aunmediated _bn _2rdamedia |
||
| 338 |
_avolume _bnc _2rdacarrier |
||
| 490 | 0 | _aدراسات في الكتب والمعلومات | |
| 650 | 4 |
_aالسجلات- الملفات -ادارة _938153 |
|
| 942 |
_2lcc _cBK |
||
| 999 |
_c19573 _d19573 |
||